[Event "Michigan Senior U1600"]
[Site "Warren, MI"]
[Date "2003.06.07"]
[Round "1.1"]
[White "Munger, Larry"]
[Black "Scioly, Tony"]
[Result "0-1"]
[WhiteElo "1569"]
[BlackElo "1585"]
[Annotator "Tim McGrew"]
[PlyCount "62"]
[EventDate "2003.06.07"]

{Reti} 1. e4 c5 2. d3 Nc6 3. Nf3 d6 4. g3 g6 5. Bg2 Bg7 6. O-O Nf6 (6... e5 {
followed by ...Nge7 is a fairly easy system for Black to play. Botvinnik
popularized this system and it still bears his name.}) 7. Nbd2 O-O 8. c3 Bd7 9.
Re1 Qc7 10. Rb1 Rac8 11. b3 Qa5 12. Bb2 $6 {White sees that there will be
relatively few exits for the Black queen, but he doesn't quite manage to get
the door of the trap closed.} Qxa2 13. Nc4 {Now Black should back straight out
with 13...Qa6 when White cannot actually catch her.} Na5 $2 {Apparently this
frees the queen, but this is actually an optical illusion...} 14. Re2 $2 {...
to which White also succumbs!} (14. Ra1 $1 Qxb3 15. Rxa5 $1 {nabs a piece for
two pawns, which should make White quite happy.}) 14... Nxc4 15. dxc4 Qa5 16.
e5 dxe5 17. Nxe5 Bf5 18. Ra1 Qb6 19. Ra3 Rcd8 20. Qa1 a6 21. f4 Nd7 22. Nf3 Nf6
(22... e6 {is a simpler way to hold everything.}) 23. Rxe7 {If material were
all that mattered, White could be happy here. Unfortunately, his pieces are
horribly bunched on the queen-side: his bishop on b2 has no scope, his rook at
a3 is badly misplaced, and his queen prevents the rook from coming back into
the game via a1.} Rd6 24. Re1 Rfd8 25. Qc1 Be4 26. Nh4 Bxg2 27. Nxg2 Rd2 28. b4
$2 {A final blunder in an extremely unpleasant position.} cxb4+ 29. Kf1 bxa3
30. Bxa3 Qc6 (30... Qf2# {is more merciful.}) 31. Ne3 Qh1# 0-1

[Event "Michigan Senior"]
[Site "Warren, MI"]
[Date "2003.06.07"]
[Round "2.4"]
[White "McCarter, Robert"]
[Black "Williams, Ron"]
[Result "0-1"]
[WhiteElo "1600"]
[BlackElo "1939"]
[PlyCount "90"]
[EventDate "2003.06.07"]

1. d4 Nf6 2. Nf3 d5 3. Bf4 Bg4 4. e3 e6 5. h3 Bh5 6. Be2 Bd6 7. Bxd6 cxd6 8.
Nbd2 O-O 9. O-O Nc6 10. c4 dxc4 11. Nxc4 Rc8 12. Qb3 b6 13. Rfc1 Ne4 14. Rc2 d5
15. Nce5 Nxe5 16. Nxe5 Bxe2 17. Rxe2 Qc7 18. Rd1 f6 19. Nf3 Qc6 20. Nd2 Qc2 21.
Kf1 Nxd2+ 22. Rexd2 Qxb3 23. axb3 Rc6 24. Ke2 Rfc8 25. f3 Kf7 26. e4 h5 27.
exd5 exd5 28. Rd3 Rc2+ 29. R3d2 Ke6 30. Kd3 Rxd2+ 31. Rxd2 Kf5 32. g3 g5 33.
Ke3 Rc1 34. g4+ Kg6 35. f4 gxf4+ 36. Kxf4 h4 37. Kf3 Rg1 38. Rg2 Rh1 39. Re2
Rxh3+ 40. Kf4 Rxb3 41. Rh2 h3 42. Rd2 a5 43. Rc2 Rd3 44. Rc8 Rxd4+ 45. Kg3 Rd3+
0-1

[Event "Michigan Senior"]
[Site "Warren, MI"]
[Date "2003.06.07"]
[Round "2.3"]
[White "Mazuchowski, Tom"]
[Black "Roth, Bruce"]
[Result "1/2-1/2"]
[WhiteElo "2000"]
[BlackElo "1566"]
[PlyCount "109"]
[EventDate "2003.06.07"]

1. e4 c6 2. d4 d5 3. Nd2 dxe4 4. Nxe4 Bf5 5. Ng3 Bg6 6. h4 h6 7. Nf3 Nd7 8. h5
Bh7 9. Bd3 Bxd3 10. Qxd3 Ngf6 11. Bd2 e6 12. O-O-O Bd6 13. Kb1 Qc7 14. Ne4 Nxe4
15. Qxe4 Nf6 16. Qe2 O-O-O 17. Ne5 Bxe5 18. dxe5 Nd5 19. c4 Ne7 20. g4 Rd7 21.
Bb4 Rxd1+ 22. Rxd1 c5 23. Bc3 Rd8 24. f4 Rxd1+ 25. Qxd1 Qc6 26. Qe2 Qd7 27. Kc2
Nc6 28. Qd2 Qxd2+ 29. Kxd2 Ne7 30. a3 b6 31. b4 Kb7 32. b5 a6 33. a4 a5 34. Ke3
Kc7 35. Ke4 g6 36. g5 Nf5 37. gxh6 Nxh6 38. hxg6 fxg6 39. Kf3 Nf5 40. Kg4 Ne3+
41. Kg5 Nxc4 42. Kxg6 Kd7 43. f5 exf5 44. Kxf5 Ne3+ 45. Ke4 Ng4 46. Kf4 Nh6 47.
Be1 Ke6 48. Bh4 Nf7 49. Bf6 c4 50. Ke4 c3 51. Kd3 Nxe5+ 52. Bxe5 Kxe5 53. Kxc3
Kd5 54. Kd3 Kc5 55. Kc3 1/2-1/2

[Event "Michigan Senior"]
[Site "Warren, MI"]
[Date "2003.06.07"]
[Round "2.2"]
[White "Matias, I.C."]
[Black "Santiago, Reynaldo"]
[Result "1-0"]
[WhiteElo "1745"]
[BlackElo "2000"]
[PlyCount "39"]
[EventDate "2003.06.07"]

1. d4 Nf6 2. Nf3 d5 3. c4 g6 4. Nc3 Bg7 5. Qb3 dxc4 6. Qxc4 O-O 7. e4 Nc6 8.
Be2 Bg4 9. Be3 Nd7 10. Rd1 Nb6 11. Qd3 Nb4 12. Qd2 Re8 13. a3 Na6 14. O-O c6
15. h3 Be6 16. d5 cxd5 17. Nxd5 Nxd5 18. exd5 Bd7 19. Rfe1 Nc7 20. Bd4 {
Remainder illegible, 31?} 1-0

[Event "Michigan Senior U1600"]
[Site "Warren, MI"]
[Date "2003.06.07"]
[Round "1.3"]
[White "Mandell, Ed"]
[Black "Hooks, Jerry"]
[Result "0-1"]
[WhiteElo "1258"]
[BlackElo "1523"]
[Annotator "Tim McGrew"]
[PlyCount "48"]
[EventDate "2003.06.07"]

{Indian} 1. d4 Nf6 2. e3 e6 3. b3 {If one wants to play a Colle-Zukertort
system, it is better to play Nf3 and Bd3 first. Moving all of the pawns into
position at the beginning will only transpose if Black reacts passively --
which he does not.} b6 4. Nd2 Bb4 $1 {By itself this move is not crushing, but
it does discombobulate White, who was intending to develop in his normal
fashion.} 5. a3 Bc3 6. Rb1 Bb7 7. Bb2 Bxb2 8. Rxb2 O-O 9. Ngf3 d6 {Black wants
a dark-squared pawn structure to complement his light-square bishop.} 10. Bd3
Nbd7 11. O-O Re8 12. Ng5 h6 13. Nge4 e5 14. Nxf6+ Nxf6 15. c3 {Objectively the
position is about equal, but Black's pieces are harmoniously disposed and he
has no cause to regret what he has achieved out of the opening.} exd4 (15... c5
$5 {is interesting as White cannot afford d5.}) 16. cxd4 Qe7 17. b4 Nd5 $6 {
Black is at a loss for a plan here, so he conceives the idea of 18...Nxe3 19.
fxe3 Qxe3+ and he will pick up the undefended bishop at d3. But this is not
really a good plan since the bishop is easily defended.} 18. Qf3 Nxe3 $2 {This
cannot be sound.} 19. Qxe3 Qf6 20. Qg3 Qxd4 {So White has two pawns for the
piece -- not enough, objectively. These rough material equivalences are not
arbitrary: they represent the accumulated experience of masters over hundreds
of thousands of games. It is a rare position where the sacrifice of a piece
for two pawns without immediate threats against the opponent's king is
actually a sound investment.} 21. Rbb1 Re5 $5 {At least Black understands that
he needs to mount an attack before White consolidates. The only remotely
vulnerable point is g2, so Black prepares to strike at that ... DIAGRAM} 22.
Nc4 $4 {... and White doesn't take defensive measures!} Rg5 $1 {Now it's all
over.} 23. Qe3 Rxg2+ 24. Kh1 Qh4 {A remarkable reversal of fortunes.} 0-1

[Event "Michigan Senior"]
[Site "Warren, MI"]
[Date "2003.06.07"]
[Round "2.1"]
[White "LaForge, Tom"]
[Black "Bailey, Greg"]
[Result "1-0"]
[WhiteElo "1907"]
[BlackElo "1926"]
[Annotator "Tim McGrew"]
[PlyCount "55"]
[EventDate "2003.06.07"]

{French: Open Tarrasch} 1. e4 e6 2. d4 d5 3. Nd2 c5 ({For French addicts who
want an offbeat way to meet the Tarrasch, one could do worse than to
investigate} 3... f5 $5 {Pal Benko played it successfully in the 1962
Candidates tournament, and recently Eckhard Schmittdiel has taken it up
repeatedly and with good results.}) 4. exd5 Qxd5 5. Ngf3 cxd4 6. Bc4 Qc5 {This
is a known line, but since the queen will be exposed on this square it might
be worth investigating other retreats.} (6... Qd6 {is the more common queen
move and looks less risky.}) 7. Qe2 Nc6 8. O-O Be7 9. Nb3 Qb6 10. a4 Bf6 {
Black is determined to hang onto his d-pawn. This is a committal decision and
leaves Black rather inflexible when it comes to other plans.} 11. a5 Qb4 12.
Rd1 {So the pawn cannot be held after all. Meanwhile, Black has yet to castle.}
Nge7 13. Nbxd4 Nxd4 14. Nxd4 O-O 15. c3 Qc5 16. Be3 {A move like this, playing
"I spy" on the Black queen through the White knight, is almost as good as a
direct hit. Here, the tactical threat is 17.Nxe6 winning the exchange and a
pawn while Black scrambles to get the queen out of the way.} Qc7 {Black
decline s to play chicken. But now White's well-centralized minor pieces have
a field day. DIAGRAM} 17. Nb5 $1 Qb8 18. Bc5 $1 {With the not very subtle
threat of 19.Bd6.} b6 19. Bd6 $1 Qb7 20. Nc7 {Strong, but not strongest.} (20.
a6 $1 {forces the queen where she does not wish to go. The crossfire is deadly:
} Qd7 21. Nc7 Rb8 22. Bb5 Qd8 23. Bg3 $18) 20... b5 21. a6 Qb6 22. Nxa8 Qc6 23.
Bxb5 Qxa8 24. Qc4 e5 25. Qc5 Bg4 26. Bxe7 Bxe7 27. Qxe7 Bxd1 28. Rxd1 1-0

[Event "Michigan Senior U1600"]
[Site "Warren, MI"]
[Date "2003.06.07"]
[Round "2.3"]
[White "Kahn, Jack"]
[Black "Munger, Larry"]
[Result "0-1"]
[WhiteElo "1350"]
[BlackElo "1569"]
[PlyCount "58"]
[EventDate "2003.06.07"]

1. d4 Nf6 2. Nf3 g6 3. c4 Bg7 4. Nc3 O-O 5. e3 d6 6. Be2 Nbd7 7. O-O c5 8. d5
a6 9. Qc2 Re8 10. Bd3 Ng4 11. Re1 Nge5 12. Nxe5 Nxe5 13. Be2 Rb8 14. f4 Ng4 15.
h3 Nf6 16. Bd3 e6 17. b3 exd5 18. cxd5 b5 19. Bb2 Re7 20. Re2 Qc7 21. Rf1 Bb7
22. e4 c4 23. e5 Nxd5 24. Nxd5 Bxd5 25. exd6 Qxd6 26. Rxe7 Qxe7 27. Bxg7 Kxg7
28. Qc3+ Kg8 29. Bc2 Qc5+ {Time} 0-1

[Event "Jackson June Action"]
[Site "Jackson, MI"]
[Date "2003.06.07"]
[Round "1"]
[White "Johnson, Marshall"]
[Black "Johnson, David"]
[Result "1-0"]
[WhiteElo "1293"]
[BlackElo "698"]
[PlyCount "29"]
[EventDate "2003.06.07"]

1. Nf3 Nf6 2. g3 g6 3. Bg2 Bg7 4. d4 O-O 5. O-O d6 6. c4 c5 7. Nc3 Nc6 8. d5
Ne5 9. e4 Nxc4 10. b3 Nb6 11. Bg5 Nxe4 12. Nxe4 Bxa1 13. Qxa1 Bf5 14. Bh6 Bxe4
15. Qg7# 1-0

[Event "Jackson June Action"]
[Site "Jackson, MI"]
[Date "2003.06.07"]
[Round "4"]
[White "Johnson, Marshall"]
[Black "Chuck, Fausak"]
[Result "1-0"]
[WhiteElo "1293"]
[BlackElo "1562"]
[Annotator "Marshall Johnson"]
[PlyCount "91"]
[EventDate "2003.06.07"]

1. Nf3 g6 2. g3 Bg7 3. Bg2 Nf6 4. O-O O-O 5. d4 d6 6. c4 c5 7. d5 a6 8. Nbd2 b5
9. b3 $2 {White absent-mindedly left the exchange up for grabs, though the
resulting variation would have had many pitfalls} Bb7 $2 (9... Nxd5 $1 10. Ne4
$1 {Making the best of a bad situation} Bxa1 11. Bh6 Bg7 12. Bxg7 Kxg7 13. Qxd5
Qb6 $1 $19 {with a winning advantage for Black.}) 10. Rb1 Nxd5 $4 {Does the
phrase "A day late and a dollar short" ring a bell?} 11. cxd5 Bxd5 12. e4 Bc6
13. Bb2 Bh6 $6 $18 {Black is looking to complicate the position and obviously
will leave no stone unturned in the purity of that dubious quest.} 14. Qc2 Qa5
15. Bc3 b4 16. Ba1 Nd7 17. Nc4 Qc7 18. e5 $6 Bb5 $2 {White gets away with one
there.} ({Black could have mobilized his queen-side with} 18... d5 19. Ne3 Bg7
20. Nd4 $1 e6 21. Nxc6 Qxc6 22. f4 Qb5 $18 {though White still has a winning
advantage.}) 19. exd6 exd6 20. Rfd1 $18 Rae8 21. Rxd6 $4 {Stupidly dropping
the exchange.} ({Better is} 21. Nxd6 $1 Re7 22. Nxb5 axb5 23. Nd4 $18) 21...
Bxc4 $1 22. Rxd7 Qxd7 23. Qxc4 $18 Qf5 24. Rd1 Re4 25. Qxa6 Rfe8 26. Qc6 $6 Re2
27. Bf1 Qc2 $4 28. Bxe2 $2 (28. Qf6 $1 {And the Black queen must sacrifice
herself to prevent mate.}) 28... Qxe2 29. Rf1 (29. Qf6 $1 {wins the queen for
a rook and bishop.}) 29... Re6 30. Qc8+ Bf8 31. Nh4 Qxa2 32. Ng2 Qxb3 33. Nf4 {
In huge time trouble, White is just running around trying to find a winning
plan on the fly and thinking on Black's time as much as possible.} Re4 34. Qc6
Qc2 35. Qf6 $1 {He finally sees it!} Qc3 $4 ({Black misses the more efficient} 
35... Rd4 36. Bxd4 cxd4 37. Qxd4 b3 $18) 36. Bxc3 bxc3 37. Qxc3 {Now White
just has to get this game over before his flag falls.} c4 38. Nd5 Bg7 39. Nf6+
{White's intention is to hog all the good squares for his pieces and let Black
choose between taking the bad squares or trading off the pieces.} Bxf6 40. Qxf6
Re6 41. Qd8+ Kg7 42. Qd4+ Kf8 43. Qxc4 h5 44. Rd1 Kg7 45. Qc3+ Kh7 46. Rd7 {
And White won a few moves later, though neither player had time to write down
the rest of the moves.} 1-0

[Event "Jackson June Action"]
[Site "Jackson, MI"]
[Date "2003.06.07"]
[Round "5"]
[White "Johnson, David"]
[Black "Forsythe, Doug"]
[Result "0-1"]
[WhiteElo "702"]
[BlackElo "1400"]
[PlyCount "71"]
[EventDate "2003.06.07"]

1. Nf3 Nf6 2. g3 g6 3. Bg2 Bg7 4. O-O d5 5. d4 Nc6 6. Nbd2 Bg4 7. c4 dxc4 8.
Nxc4 O-O 9. Bd2 Bxf3 10. Bxf3 Qxd4 11. Ne3 Rad8 12. Nc2 Qxd2 13. Bg2 Qxd1 14.
Rfxd1 Rxd1+ 15. Rxd1 Rd8 16. Rxd8+ Nxd8 17. Nb4 c6 18. e4 Nd7 19. Nd3 Ne5 20.
Nxe5 Bxe5 21. f4 Bxb2 22. a4 c5 23. e5 b6 24. g4 c4 25. f5 c3 26. fxg6 hxg6 27.
Be4 Ne6 28. h4 Nc5 29. Bc2 Kg7 30. Kf2 Nd7 31. h5 Nxe5 32. Kg3 Bc1 33. Kh4 Bg5+
34. Kh3 Kh6 35. a5 Bf6 36. hxg6 $138 0-1

[Event "Michigan Senior U1600"]
[Site "Warren, MI"]
[Date "2003.06.07"]
[Round "2.2"]
[White "Hooks, Jerry"]
[Black "Saylor, Oliver"]
[Result "1-0"]
[WhiteElo "1523"]
[BlackElo "1547"]
[PlyCount "85"]
[EventDate "2003.06.07"]

1. c4 c6 2. d4 d5 3. cxd5 cxd5 4. Nc3 Nf6 5. Nf3 e6 6. Bg5 h6 7. Bxf6 Qxf6 8.
e3 a6 9. Qa4+ Bd7 10. Qb3 b5 11. Bd3 Bd6 12. O-O O-O 13. Rac1 Nc6 14. a3 Ne7
15. Qd1 Ng6 16. Qe2 Nh4 17. Nxh4 Qxh4 18. g3 Qg5 19. h4 Qe7 20. Qh5 f5 21. Ne2
Be8 22. Qf3 Bf7 23. Rc2 Rac8 24. Rfc1 Rxc2 25. Rxc2 Qe8 26. Nf4 Bxf4 27. Qxf4
Bh5 28. Qd6 a5 29. Rc6 Rf6 30. Bxb5 Qg6 31. Rc8+ Kh7 32. Qd8 Qg4 33. Qg8+ Kg6
34. Be8+ Rf7 35. Bxf7+ Kf6 36. Bxh5 Qxh5 37. Rf8+ Ke7 38. Qxg7+ Kd6 39. Rd8+
Kc6 40. Rc8+ Kb5 41. Qd7+ Ka6 42. Qc6+ Ka7 43. Ra8# 1-0

[Event "Michigan Senior"]
[Site "Warren, MI"]
[Date "2003.06.07"]
[Round "1.3"]
[White "Griffin, Mike"]
[Black "LaForge, Tom"]
[Result "0-1"]
[WhiteElo "1601"]
[BlackElo "1907"]
[Annotator "Tim McGrew"]
[PlyCount "82"]
[EventDate "2003.06.07"]

{Queen's Gambit Declined: Classical} 1. d4 d5 2. c4 e6 3. Nc3 Nf6 4. Nf3 Be7 5.
Bf4 O-O 6. e3 a6 7. Bd3 {Shrewd observers of the evolution of opening theory
know exactly what is going on here. Black and White are playing a tempo game:
Black wants White to move his light-square bishop so that ...dxc4 and ...b5
will gain a tempo, and White wants to provoke Black into making that exchange
before the light-square bishop has moved. Here, White blinks first.} (7. Rc1 {
can save White an entire move -- if Black bites on c4.}) 7... dxc4 8. Bxc4 b5
9. Bd3 Bb7 {Black's opening worries are almost over. What remains is for Black
to chip away White's spatial advantage with a well-timed ...c5.} 10. O-O Nbd7
11. h3 c5 {Mission accomplished.} 12. dxc5 Nxc5 13. Be2 b4 $1 {This is a
well-t imed blow. White's knight has a very limited set of squares, and if he
trades queens it will be more limited still.} 14. Na4 (14. Qxd8 Rfxd8 15. Nb1
Nd3 16. Bxd3 Rxd3 $17) 14... Qxd1 15. Bxd1 Nxa4 (15... Nd3 $1 {looks even
stronger.}) 16. Bxa4 Bxf3 17. gxf3 Rfd8 18. Rfd1 Nd5 19. Bg3 (19. -- {The idea
of allowing} Nxf4 {is to horrible to contemplate. It does not take Capablanca
or Rubinstein to recognize that White's king-side pawns would be a complete
disaster in any endgame.}) 19... Bf6 20. Rab1 Rac8 {White's position is almost
permanently unpleasant. His pawns are more vulnerable, his rooks are less
active, and he has a hard time finding targets in the Black position. Small
wonder that he gets ground down in the ensuing ending.} 21. e4 Nb6 22. Rxd8+
Rxd8 23. Bc2 $2 {This hastens the end by inviting Black to seize the seventh
rank.} (23. Bb3 Rd2 24. e5 {is ugly, but at least it keeps the b-pawn on the
board for a while.}) 23... Rd2 24. e5 Rxc2 25. exf6 gxf6 26. Bd6 Nd5 27. h4 Kg7
28. a3 b3 29. Bb4 Kg6 30. Kg2 Ne3+ $1 {Black is alert to the finesse: he
shifts his knight to c4 without loss of time.} 31. Kg3 Nc4 32. Bc3 Nxa3 $1 {
Another finesse. White's resistance is broken.} 33. Rh1 (33. Ra1 Nb5 (33...
Rxc3 34. Rxa3 {is a little slower but should also win.}) 34. Rxa6 Rxc3 $1 35.
bxc3 b2 {and the pawn cannot be stopped.}) 33... Nb5 34. h5+ Kf5 35. Rh4 Nxc3
36. bxc3 b2 37. Rb4 a5 38. Rb5+ e5 39. c4 a4 40. c5 a3 41. c6 a2 {It's hard to
argue with pawns like these!} 0-1

[Event "Jackson June Action"]
[Site "Jackson, MI"]
[Date "2003.06.07"]
[Round "3"]
[White "Ed, Laurin"]
[Black "Johnson, Marshall"]
[Result "1-0"]
[WhiteElo "1787"]
[BlackElo "1293"]
[Annotator "Marshall Johnson"]
[PlyCount "47"]
[EventDate "2003.06.07"]

1. e4 c5 2. Nf3 Nc6 3. d4 cxd4 4. Nxd4 Nf6 5. Nc3 g6 6. Be3 $6 ({The
"Mainline" goes like this} 6. Nxc6 bxc6 7. e5 Ng8 8. Bc4 Bg7 9. Bf4 Qa5 10. Qf3
Bxe5 11. Bxf7+ Kxf7 12. Bxe5+ Nf6 $14 {NCO Pg. 179}) 6... Bg7 7. f3 $2 {This
gives away White's opening advantage.} ({Better is} 7. Nxc6 bxc6 8. e5 Nd5 9.
Nxd5 cxd5 10. Qxd5 Rb8 {Practice has shown that Black has plenty of
compensation here.}) 7... O-O 8. Qd2 d5 9. exd5 $2 ({White still could have
kept a slight advantage with} 9. Nxc6 bxc6 10. O-O-O Be6 $11) 9... Nxd5 10.
Nxc6 bxc6 11. Rd1 Be6 $15 12. Bd4 $2 Nxc3 $2 {Black missed a clear advantage
here.} (12... Bxd4 $1 13. Qxd4 Qa5 $17 {Black's superior development, king
safety, and nice files for his rooks give him the advantage.}) 13. Qxc3 Bxd4
14. Rxd4 Qb6 15. Bc4 c5 $2 {Not the right plan here, Black is afraid of those
ugly pawns in the e-file but his superior piece placement makes up for that
minor positional disadvantage.} ({Better is} 15... Rfd8 $1 $15 {, which takes
advantage of the fact that as long as White's king sits where it is, Black
enjoys a 2-1 ratio in useful rooks!}) 16. Re4 Bxc4 17. Rxc4 Qe6+ $6 {Black's
advantage is now gone.} 18. Kf2 $14 {White's rook problem is now solved and
his king is in pretty good shape, as well.} Rfd8 19. Re1 Rd2+ 20. Qxd2 Qxc4 21.
Rxe7 $4 Qxa2 $4 ({Hard to believe that both players missed} 21... Qh4+ {and
White is down a rook!}) 22. Qc3 Rb8 23. Kg3 Qxb2 $4 {The Black queen has a
taste for poisoned pawns} (23... Qd5 24. Qf6 a5 25. h3 $14 {White has a small
advantage, but it's a difficult game to win especially when the time control
is G/30}) 24. Re8+ $1 1-0

[Event "Michigan Senior"]
[Site "Warren, MI"]
[Date "2003.06.07"]
[Round "1.4"]
[White "Champney, Norm"]
[Black "McCarter, Robert"]
[Result "1/2-1/2"]
[WhiteElo "1752"]
[BlackElo "1600"]
[PlyCount "120"]
[EventDate "2003.06.07"]

1. d4 d5 2. Nf3 Nf6 3. Bf4 c5 4. e3 Bg4 5. Nbd2 cxd4 6. exd4 e6 7. Bd3 Bd6 8.
Bg5 Nbd7 9. c3 h6 10. Bh4 O-O 11. Qc2 Qc7 12. h3 Bxf3 13. gxf3 Nh5 14. O-O-O
Rfe8 15. Rdg1 Nf4 16. Rg4 Kf8 17. Bb5 f5 18. Rgg1 a6 19. Bd3 g5 20. Bg3 Nf6 21.
h4 Nxd3+ 22. Qxd3 Bf4 23. Bxf4 Qxf4 24. hxg5 hxg5 25. Rh6 Kf7 26. Rgh1 Rg8 27.
Kb1 Rg7 28. Qe2 Rag8 29. Re1 Qd6 30. Nb3 Rg6 31. Rxg6 Rxg6 32. Nc5 Nd7 33. b4
Nxc5 34. bxc5 Qc7 35. c4 dxc4 36. Qxc4 Qc6 37. Qb3 Rh6 38. Re5 Kf6 39. d5 exd5
40. Rxd5 Rh1+ 41. Kb2 Qb5 42. Rd6+ Ke5 43. Rd5+ Kf4 44. Rd4+ Ke5 45. Rd5+ Kf6
46. Rd6+ Ke7 47. Qxb5 axb5 48. Rg6 Rh2 49. Rxg5 Rxf2+ 50. Kb3 Rxf3+ 51. Kb4 Kf6
52. Rg8 Rf2 53. Kxb5 Rxa2 54. Kb6 Rb2+ 55. Kc7 f4 56. Rb8 Rc2 57. Kb6 Rc3 58.
Rxb7 Rb3+ 59. Kc7 Rxb7+ 60. Kxb7 f3 1/2-1/2

[Event "Michigan Senior"]
[Site "Warren, MI"]
[Date "2003.06.07"]
[Round "1.1"]
[White "Burwell, Raymond"]
[Black "Mazuchowski, Tom"]
[Result "1/2-1/2"]
[WhiteElo "1630"]
[BlackElo "2000"]
[PlyCount "62"]
[EventDate "2003.06.07"]

1. e4 e5 2. Nf3 Nc6 3. Bc4 Nf6 4. Nc3 Nxe4 5. Nxe4 d5 6. Bd3 dxe4 7. Bxe4 Bd6
8. h3 O-O 9. c3 f5 10. Qb3+ Kh8 11. Bxc6 bxc6 12. O-O Qf6 13. d3 Be6 14. c4 h6
15. Bd2 Bf7 16. Bc3 Bh5 17. Qd1 Qf7 18. Qe2 Rae8 19. Qe3 Bxf3 20. Qxf3 e4 21.
dxe4 fxe4 22. Qxf7 Rxf7 23. Bd4 c5 24. Be3 Rb8 25. Rab1 a5 26. Rfd1 a4 27. Rd5
Rbf8 28. Rf1 Rb8 29. Rb1 Rbf8 30. Rf1 Rb8 31. Rb1 Rbf8 1/2-1/2

[Event "Michigan Senior"]
[Site "Warren, MI"]
[Date "2003.06.07"]
[Round "2.5"]
[White "Burwell, Raymond"]
[Black "Champney, Norm"]
[Result "0-1"]
[WhiteElo "1630"]
[BlackElo "1752"]
[PlyCount "60"]
[EventDate "2003.06.07"]

1. e4 c6 2. d4 d5 3. Nc3 dxe4 4. Nxe4 Nd7 5. Nf3 Ndf6 6. Ng3 Bg4 7. Be2 e6 8.
O-O Bd6 9. Bg5 Qc7 10. c4 h6 11. Be3 Ne7 12. Qc2 g5 13. c5 Bf4 14. Bxf4 gxf4
15. Ne4 Nxe4 16. Qxe4 O-O-O 17. Rad1 Nd5 18. Ne5 Bf5 19. Qf3 h5 20. Qa3 Kb8 21.
b4 Rdg8 22. b5 Rg7 23. bxc6 bxc6 24. Rd2 Rhg8 25. Rb1+ Ka8 26. Qa6 Rxg2+ 27.
Kh1 f6 28. Rb7 Qxb7 29. Nxc6 Qxa6 30. Bxa6 Be4 0-1